000 00568nam a2200205Ia 4500
005 20250923150142.0
008 008 250917s9999 xx 000 0 eng d
037 _aTextual
040 _aDSWL
_beng
_cDSWL
041 _aeng
_2eng
084 _qDSWL
245 0 _aSocial watch , India : Citizens report on governance & development 2003
_cEd.by J Samuel
260 _aNew Delhi
_b NSWC India
_c2003
300 _a128p.
365 _aINR
_b250 . 0
650 _a Jagadananda
_9842809
925 _g250 . 0
942 _cTEXL
999 _c1460159
_d1460159